Abbreviations - Statistics

General Stats
  • This quiz has been taken 23 times
  • The average score is 79 of 317
Answer Stats
Abbreviation Letters % Correct
TASER A.
93%
IDK I
79%
RIP In
79%
BBC British
71%
ABC (news) | BBC | NBC Broadcasting
71%
AKA | ASAP As
64%
DIY Do
64%
DIY It
64%
CPU Unit
64%
USA America
57%
BBC Corporation
57%
CIA | IQ Intelligence
57%
NASA | NASCAR | NBA | +5 others National
57%
NYC New
57%
LOL Out
57%
ASAP Possible
57%
ASAP Soon
57%
UAE | UK | UN | +2 others United
57%
NYC York
57%
FYI Your
57%
DIY Yourself
57%
ABC (news) | ACT American
50%
NASCAR Auto
50%
ATM Automatic
50%
BC Before
50%
BCE Before (the)
50%
NYC City
50%
ABC (news) | NBC Company
50%
FBI Federal
50%
FYI For
50%
FYI Information
50%
LOL Laugh
50%
ATM Machine
50%
RIP Peace
50%
RIP Rest
50%
CIA Agency
43%
MLA | NBA | NRA Association
43%
NASCAR Association (for)
43%
NBA Basketball
43%
FBI Bureau (of)
43%
BC Christ
43%
CD | DVD Disc
43%
MLK King (Jr.)
43%
IDK Know
43%
LOL Loud
43%
PM | PS Post
43%
AIDS Syndrome
43%
DVD Versatile
43%
WWE | WWW World
43%
AKA Also
36%
LA Angeles
36%
UAE Arab
36%
FAQ Asked
36%
CIA | CPU Central
36%
CEO Chief
36%
AIDS Deficiency
36%
UAE Emirates
36%
NFL Football
36%
FAQ Frequently
36%
AIDS Immune
36%
UK Kingdom
36%
AKA Known
36%
MLB | MLS | NFL | NHL League
36%
LASER | LED Light
36%
LA Los
36%
NATO North
36%
FAQ Questions
36%
NASA Space
36%
ESPN | SUV Sports
36%
USPS States
36%
USA States (of)
36%
ATM Teller
36%
WWW Web
36%
WWW Wide
36%
RAM Access
29%
RNA Acid
29%
AD Anno
29%
AM (time) Ante
29%
NATO Atlantic
29%
AK-47 Automatic
29%
MLB Baseball
29%
BCC Blind
29%
GB | MB | kB (storage) Byte
29%
NASCAR Car
29%
BCC | CC Carbon
29%
PC Computer
29%
BCC | CC Copy
29%
LED Diode
29%
LED Emitting
29%
WWE Entertainment
29%
ESPN Entertainment (and)
29%
CEO Executive
29%
FDR Franklin
29%
GOP Grand
29%
FBI Investigation
29%
JFK Kennedy
29%
kB (storage) Kilo
29%
MLB | MLS Major
29%
RAM | ROM Memory
29%
UN Nations
29%
CNN News
29%
CEO Officer
29%
NATO Organization
29%
GOP Party
29%
PC | PIN Personal
29%
CPU Processing
29%
RAM Random
29%
PS Script
29%
USSR Soviet
29%
HDTV Television
29%
NATO Treaty
29%
CRV | SUV Vehicle
29%
AIDS Acquired
21%
AFK Away
21%
CD | CRV Compact
21%
DVD Digital
21%
AD Domini
21%
IDK Don't
21%
AFK From
21%
OSHA Health
21%
NHL Hockey
21%
PIN Identification
21%
ICBM Inter
21%
JFK John
21%
AFK Keyboard
21%
MRI Magnetic
21%
AM (time) | PM Meridiem
21%
CNN | ESPN | LAN Network
21%
DNA | RNA Nucleic
21%
PIN Number
21%
GOP Old
21%
RSVP Plait
21%
NASCAR Racing
21%
USSR Republics
21%
MRI Resonance
21%
FDR Roosevelt
21%
SCUBA Self
21%
USSR Socialist
21%
SAT Test
21%
WWE Wrestling
21%
SCUBA Apparatus
14%
GPA Average
14%
SCUBA Breathing
14%
USB Bus
14%
ACT College
14%
SCUBA Contained
14%
HDTV Definition
14%
FDR Delano
14%
GPA Grade
14%
HDTV High
14%
MRI Imaging
14%
MLK Luther
14%
MLK Martin
14%
MB Mega
14%
OSHA Occupational
14%
GPA Point
14%
IQ Quotient
14%
CRT Ray
14%
VR Reality
14%
CRV Recreational
14%
NRA | TASER Rifle
14%
OSHA Safety (and)
14%
CVS | SMS | USPS Service
14%
OS System
14%
USSR Union (of)
14%
VR Virtual
14%
RSVP Vous
14%
ZIP Zone
14%
AK-47 1947
7%
DNA Acids
7%
PEMDAS Addition
7%
NASA | OSHA Administration
7%
NASA Aeronautics (and)
7%
SAT Aptitude
7%
ELA Arts
7%
ICBM Ballistic
7%
BMW Bayerische
7%
IBM Business
7%
CNN Cable
7%
CRT Cathode
7%
BCE | CE Common
7%
ICBM Continental
7%
DNA Deoxyribose
7%
PEMDAS Division
7%
TASER Electric
7%
ELA English
7%
ESL English (as a)
7%
BCE | CE Era
7%
GB Giga
7%
GUI Graphical
7%
NHS Honor
7%
ZIP Improvement
7%
GUI Interface
7%
IBM International
7%
ELA | ESL | HTML | MLA Language
7%
IBM Machines
7%
SMS Message
7%
BMW Motoren
7%
PEMDAS Multiplication
7%
TNT Nitro
7%
PEMDAS Parentheses
7%
ZIP Plan
7%
PVC Polyvinyl
7%
VP President
7%
ESPN Programming
7%
ROM Read
7%
RNA Ribose
7%
SAT Scholastic
7%
ESL Second
7%
SMS Short
7%
RSVP S'il
7%
MLS Soccer
7%
NHS Society
7%
NASCAR Stock
7%
PEMDAS Subtraction
7%
ACT Testing
7%
TNT Tri
7%
CRT Tube
7%
SCUBA Underwater
7%
USB Universal
7%
GUI User
7%
SUV Utility
7%
CVS Value (and)
7%
VP Vice
7%
BMW Worke
7%
LASER Amplification (by)
0%
LAN Area
0%
PVC Chloride
0%
CVS Convenience
0%
PDF Document
0%
LASER Emission (of)
0%
JPEG Experts
0%
PEMDAS Exponents
0%
JFK Fitzgerald
0%
GIF | PDF Format
0%
GIF Graphics
0%
JPEG Group
0%
HTML | HTTP Hyper
0%
GIF Interchange
0%
JPEG Joint
0%
AK-47 Kalashnivok
0%
LAN Local
0%
URL Locator
0%
HTML Markup
0%
ICBM Missle
0%
MLA Modern
0%
ROM Only
0%
OS Operating
0%
JPEG Photographic
0%
PDF Portable
0%
USPS Postal
0%
HTTP Protocol
0%
LASER Radiation
0%
RSVP Répondez
0%
URL Resource
0%
USB Serial
0%
LASER Stimulated
0%
TASER Swift
0%
HTML | HTTP Text
0%
TASER Thomas
0%
TNT Toluene
0%
HTTP Transfer
0%
URL Uniform
0%
No matching quizzes found
Score Distribution
Percent of People with Each Score
Percentile by Number Answered
Your Score History
You have not taken this quiz